Turbo Pascal 5.5. - wersja obiektowa
Salvato in:
| Natura: | Libro |
|---|---|
| Lingua: | polacco |
| Pubblicazione: |
Warszawa
Wyd. Naukowo-techn.
1990
|
| Edizione: | 1. wyd. |
| Tags: |
Nessun Tag, puoi essere il primo ad aggiungerne!!
|
MARC
| LEADER | 00000nam a2200000 4500 | ||
|---|---|---|---|
| 001 | c031309 | ||
| 005 | 20250916075938.2 | ||
| 041 | 0 | |a pol | |
| 044 | |a PL | ||
| 245 | 1 | 0 | |a Turbo Pascal 5.5. - wersja obiektowa |c Jan Bielecki |
| 250 | |a 1. wyd. | ||
| 264 | 1 | |a Warszawa |b Wyd. Naukowo-techn. |c 1990 | |
| 300 | |a 415 s. | ||